| 000 | 008800am a2200265 004500 | ||
|---|---|---|---|
| 003 | EG-GiCUC | ||
| 008 | 070103s1970 ua o g 000 0bara d | ||
| 017 |
_a5851 / 1970 _bمصر.دار الكتب |
||
| 040 |
_aEG-GiCUC _bara _cEG-GiCUC |
||
| 043 | _af-ua--- | ||
| 092 | 0 | 4 |
_a260.92 _bA999 _221 |
| 099 |
_a04 _a260.92 A999 |
||
| 100 | 1 | _aعزام : صلاح | |
| 245 | 1 | 2 |
_aالسيد عبد الرحيم القنائي / _cصلاح عزام |
| 250 | _aط1 | ||
| 260 |
_aالقاهرة : _bدار الشعب : _c1970 |
||
| 300 |
_a95ص : صور ؛ _c21سم |
||
| 504 | _aيشتمل على ارجاعات ببليوجرافية (ص 93) | ||
| 600 | 1 | 0 |
_aالقنائى : عبد الرحيم : _d1127-1196 |
| 650 | 7 |
_aالتصوف الاسلامى _xتراجم _2qrmak |
|
| 902 | _a1 | ||
| 905 |
_aجمال _eمدخل |
||
| 905 |
_aرضا _eمراجع |
||
| 942 |
_2ddc _cBK |
||
| 999 |
_c90859 _d90859 |
||